<Das> Erwerbspersonenpotential in der Bundesrepublik Deutschland in den Jahren 1980 bis 1990

Salvato in:
Dettagli Bibliografici
Autore principale: Boss, Alfred
Natura: Libro
Lingua:tedesco
Pubblicazione: Kiel Institut für Weltwirtschaft 1981
Serie:Arbeitspapier Nr. 114
Tags: Aggiungi Tag
Nessun Tag, puoi essere il primo ad aggiungerne!!

MARC

LEADER 00000nam a2200000 4500
001 c112850
005 20181203150321.6
041 0 |a ger 
044 |a DE 
245 1 0 |a <Das> Erwerbspersonenpotential in der Bundesrepublik Deutschland in den Jahren 1980 bis 1990  |c Alfred Boss 
264 1 |a Kiel  |b Institut für Weltwirtschaft  |c 1981 
300 |a 28 s. 
490 1 |a Arbeitspapier  |v Nr. 114 
830 0 |a Arbeitspapier  |v Nr. 114 
100 1 |a Boss, Alfred